[Event "Doeberl Cup 48th"]
[Site "Canberra"]
[Date "2010.04.05"]
[Round "9"]
[White "Oliver, Gareth"]
[Black "Steadman, Michael VR"]
[Result "0-1"]
[WhiteElo "2189"]
[BlackElo "2264"]
[PlyCount "72"]
[EventDate "2010.04.01"]
[EventType "swiss"]
[EventRounds "9"]
[EventCountry "AUS"]
[SourceTitle "CBM 135 Extra"]
[Source "ChessBase"]
[SourceDate "2010.05.04"]
[SourceVersion "1"]
[SourceVersionDate "2010.05.04"]
[SourceQuality "1"]

1. d4 e6 2. c4 f5 3. g3 Nf6 4. Bg2 c6 5. Nh3 d5 6. 0-0 Bd6 7. Bf4 Be7 8. Nd2 0-0 9. Nf3 Qe8 10. Bxb8 Rxb8 11. Nf4 Bd6 12. c5 e5 13. dxe5 Bxe5 14. Nd3 Bc7 15. Nd4 Ne4 16. e3 Rf6 17. Re1 b6 18. Qc2 Ba6 19. cxb6 Bxb6 20. Nb3 Rh6 21. Ndc5 Bc4 22. Nxe4 fxe4 23. Nd4 Ba5 24. Rec1 Qh5 25. h3 Rf8 26. b3 Bd3 27. Qb2 Qe8 28. a4 Rhf6 29. Ra2 Bb4 30. Qa1 c5 31. Nc2 Bd2 32. Ne1 Rxf2 33. Nxd3 exd3 34. Rf1 Rxf1+ 35. Bxf1 Qxe3+ 36. Kh2 Be1 0-1

[Event "Oceania zt"]
[Site "Gold Coast"]
[Date "2009.06.26"]
[Round "9"]
[White "Oliver, Gareth"]
[Black "Rujevic, Mirko"]
[Result "1-0"]
[WhiteElo "2187"]
[BlackElo "2282"]
[PlyCount "129"]
[EventDate "2009.06.20"]
[EventType "swiss"]
[EventRounds "9"]
[EventCountry "AUS"]
[SourceTitle "CBM 130 Extra"]
[Source "ChessBase"]
[SourceDate "2009.07.02"]
[SourceVersion "2"]
[SourceVersionDate "2009.07.15"]
[SourceQuality "1"]

1. d4 Nf6 2. c4 g6 3. Nc3 Bg7 4. e4 d6 5. Be2 0-0 6. Nf3 c6 7. 0-0 Nbd7 8. Be3 e5 9. d5 c5 10. Ne1 Ne8 11. g4 f5 12. gxf5 gxf5 13. exf5 Rxf5 14. Ne4 Nf8 15. Nf3 Ng6 16. Bg5 Qd7 17. Kh1 Nf4 18. Nh4 Rf8 19. Bf3 Nh3 20. Be3 Qe7 21. Ng2 Nf6 22. Nxf6+ Qxf6 23. Be4 Bf5 24. Qc2 Bxe4 25. Qxe4 Qf3 26. Qxf3 Rxf3 27. Ne1 Rf7 28. Nd3 e4 29. Kg2 exd3 30. Kxh3 Re8 31. Rg1 Kh8 32. Rg4 Bxb2 33. Rd1 Rg7 34. Rxd3 Rxg4 35. Kxg4 Be5 36. f4 Bf6 37. Kf5 Kg7 38. Rb3 Re7 39. Bf2 b6 40. Re3 Rxe3 41. Bxe3 Kf7 42. Kg4 Bb2 43. a4 Kf6 44. Bf2 Bd4 45. Bh4+ Kf7 46. f5 Bc3 47. Bg3 Ke7 48. Bf4 Bd4 49. Kg5 a6 50. Kg4 Bc3 51. Bg5+ Ke8 52. h4 Bd4 53. Kh5 Kf7 54. Bd8 b5 55. axb5 axb5 56. cxb5 c4 57. b6 c3 58. b7 c2 59. Bg5 Ba7 60. Kh6 c1Q 61. Bxc1 Kf6 62. Kxh7 Kxf5 63. h5 Ke5 64. h6 Kxd5 65. Kg8 1-0

[Event "Oceania zt"]
[Site "Gold Coast"]
[Date "2009.06.22"]
[Round "5"]
[White "Oliver, Gareth"]
[Black "Spiller, Paul"]
[Result "1-0"]
[WhiteElo "2187"]
[BlackElo "2005"]
[PlyCount "49"]
[EventDate "2009.06.20"]
[EventType "swiss"]
[EventRounds "9"]
[EventCountry "AUS"]
[SourceTitle "CBM 130 Extra"]
[Source "ChessBase"]
[SourceDate "2009.07.02"]
[SourceVersion "2"]
[SourceVersionDate "2009.07.15"]
[SourceQuality "1"]

1. d4 f5 2. g3 e6 3. Bg2 Nf6 4. Nh3 Be7 5. c4 0-0 6. 0-0 d5 7. Nd2 Nc6 8. Nf3 Ne4 9. Nf4 g5 10. cxd5 exd5 11. Nd3 Be6 12. Be3 Qe8 13. Qc1 Qh5 14. Nfe5 Nxe5 15. Nxe5 c6 16. Bf3 g4 17. Bg2 Ng5 18. Nd3 h6 19. Rb1 Bd6 20. Bf4 Be7 21. b4 Rae8 22. b5 cxb5 23. Rxb5 Bf6 24. Be3 Rc8 25. Qb2 1-0

[Event "Sydney op-A"]
[Site "Parramatta"]
[Date "2009.04.19"]
[Round "9"]
[White "Safarian, Alek"]
[Black "Oliver, Gareth"]
[Result "0-1"]
[WhiteElo "2061"]
[BlackElo "2187"]
[PlyCount "54"]
[EventDate "2009.04.15"]
[EventType "swiss"]
[EventRounds "9"]
[EventCountry "AUS"]
[SourceTitle "CBM 129 Extra"]
[Source "ChessBase"]
[SourceDate "2009.05.05"]
[SourceVersion "2"]
[SourceVersionDate "2009.05.20"]
[SourceQuality "1"]

1. d4 Nf6 2. c4 g6 3. Nc3 Bg7 4. e4 d6 5. f3 0-0 6. Be3 Nc6 7. Qd2 a6 8. 0-0-0 Re8 9. h4 h5 10. Nge2 b5 11. Nf4 e5 12. dxe5 Nxe5 13. c5 Be6 14. cxd6 Bc4 15. Qf2 cxd6 16. Kb1 Rb8 17. Nfd5 Nxd5 18. Nxd5 Qa5 19. b3 Bxd5 20. Rxd5 Nc6 21. Bc1 Rec8 22. Rd1 Nb4 23. a3 Rxc1+ 24. Kxc1 Rc8+ 25. Bc4 Qxa3+ 26. Kd2 bxc4 27. bxc4 Qd3+ 0-1

[Event "Sydney op-A"]
[Site "Parramatta"]
[Date "2009.04.17"]
[Round "6"]
[White "Oliver, Gareth"]
[Black "Brown, Andrew"]
[Result "0-1"]
[WhiteElo "2187"]
[BlackElo "2085"]
[PlyCount "120"]
[EventDate "2009.04.15"]
[EventType "swiss"]
[EventRounds "9"]
[EventCountry "AUS"]
[SourceTitle "CBM 129 Extra"]
[Source "ChessBase"]
[SourceDate "2009.05.05"]
[SourceVersion "2"]
[SourceVersionDate "2009.05.20"]
[SourceQuality "1"]

1. d4 Nf6 2. c4 g6 3. Nc3 Bg7 4. e4 d6 5. Be2 0-0 6. Nf3 e5 7. 0-0 Nc6 8. d5 Ne7 9. b4 Nd7 10. Qb3 a5 11. Be3 axb4 12. Qxb4 b6 13. Nd2 f5 14. f3 f4 15. Bf2 g5 16. a4 Rf6 17. a5 bxa5 18. Rxa5 c5 19. Rxa8 cxb4 20. Nb5 Nc5 21. Rfa1 Qb6 22. R1a7 Bf8 23. Nb3 Qd8 24. Nxc5 dxc5 25. Rc7 Ra6 26. Rb8 Ra1+ 27. Be1 Ra5 28. Rxc5 b3 29. Bc3 Ra8 30. Rxa8 Qb6 31. Bb4 Nxd5 32. Raxc8 Nxb4 33. Kf1 b2 34. Nc3 Qxc5 35. Rxc5 Bxc5 36. Bd1 Bd4 37. Nb1 Kf7 38. Ke2 Ke7 39. Kd2 Kd6 40. Be2 Kc5 41. Bf1 Na6 42. Kc2 Kb4 43. Be2 Nc5 44. Bf1 Nb3 45. Be2 Na1+ 46. Kd2 Be3+ 47. Kd1 Nb3 48. Bf1 Nd4 49. Bd3 Bc1 50. Bf1 Kb3 51. Bd3 h6 52. Bf1 Ne6 53. h3 Nc5 54. Be2 h5 55. Bf1 Na6 56. Bd3 Nb4 57. Ke2 Nxd3 58. Kxd3 Be3 59. Nc3 Bc5 60. Nb1 Bd4 0-1

[Event "Sydney op-A"]
[Site "Parramatta"]
[Date "2009.04.15"]
[Round "2"]
[White "Oliver, Gareth"]
[Black "Roy Chowdhury, Saptarshi"]
[Result "0-1"]
[WhiteElo "2187"]
[BlackElo "2469"]
[PlyCount "150"]
[EventDate "2009.04.15"]
[EventType "swiss"]
[EventRounds "9"]
[EventCountry "AUS"]
[SourceTitle "CBM 129 Extra"]
[Source "ChessBase"]
[SourceDate "2009.05.05"]
[SourceVersion "2"]
[SourceVersionDate "2009.05.20"]
[SourceQuality "1"]

1. d4 e6 2. c4 b6 3. Nc3 Bb7 4. Nf3 f5 5. g3 g6 6. h4 Nf6 7. Bg5 h6 8. Bf4 Bg7 9. Qc1 Ng4 10. Bg2 d6 11. 0-0 Nd7 12. Rd1 0-0 13. b4 a5 14. a3 Ndf6 15. c5 axb4 16. axb4 Rxa1 17. Qxa1 Ne4 18. Nxe4 fxe4 19. Nh2 g5 20. Nxg4 gxf4 21. e3 h5 22. Nh2 fxg3 23. fxg3 Bh6 24. Nf1 d5 25. b5 Bc8 26. c6 Rf7 27. Qa2 Bf8 28. Qe2 Rh7 29. Ra1 Bd6 30. Ra8 Kf7 31. Bh3 Rh8 32. Qg2 Ke7 33. Ra2 Qg8 34. Kh1 Qg6 35. Qg1 e5 36. Bxc8 Rxc8 37. dxe5 Bxe5 38. Rd2 Qe6 39. Qg2 Ra8 40. Rd1 Rg8 41. Kh2 Rg4 42. Qh3 Kd6 43. Rd2 Qf6 44. Kg1 Qg7 45. Kh2 Kc5 46. Rc2+ Kd6 47. Rd2 Qf6 48. Kg1 Qg6 49. Kh1 Qf7 50. Qg2 Qg7 51. Qh3 Bxg3 52. Nxg3 Rxg3 53. Qd7+ Qxd7 54. cxd7 Rg8 55. Rg2 Rd8 56. Rg6+ Kxd7 57. Rh6 Re8 58. Rxh5 Kd6 59. Rh6+ Kc5 60. Rh5 Re7 61. Rg5 Kxb5 62. Rxd5+ Kc4 63. Rd4+ Kc3 64. Kg2 b5 65. Kf2 c5 66. Rd5 Kc4 67. Rg5 b4 68. Ke2 b3 69. Kd2 Rd7+ 70. Kc1 Kb4 71. h5 c4 72. h6 Rh7 73. Rg6 Kc3 74. Rf6 b2+ 75. Kb1 Ra7 0-1

[Event "Doeberl Cup 47th"]
[Site "Canberra"]
[Date "2009.04.09"]
[Round "2"]
[White "Oliver, Gareth"]
[Black "Sandler, Leonid"]
[Result "0-1"]
[WhiteElo "2187"]
[BlackElo "2332"]
[PlyCount "94"]
[EventDate "2009.04.09"]
[EventType "swiss"]
[EventRounds "9"]
[EventCountry "AUS"]
[SourceTitle "CBM 129 Extra"]
[Source "ChessBase"]
[SourceDate "2009.05.05"]
[SourceVersion "2"]
[SourceVersionDate "2009.05.20"]
[SourceQuality "1"]

1. d4 Nf6 2. c4 e6 3. Nc3 c5 4. d5 exd5 5. cxd5 d6 6. e4 g6 7. f4 Bg7 8. Nf3 0-0 9. Be2 Re8 10. Nd2 Na6 11. 0-0 Nc7 12. a4 b6 13. Bf3 Ba6 14. Re1 Rb8 15. Nb3 Bb7 16. Be3 a6 17. Bf2 Nd7 18. Qc2 Ba8 19. Rad1 b5 20. axb5 axb5 21. e5 dxe5 22. Nxc5 Nxc5 23. Bxc5 b4 24. Ne4 exf4 25. d6 Nd5 26. Qb3 Ne3 27. d7 Re6 28. Rd6 Rxd6 29. Bxd6 Bd5 30. Nf6+ Qxf6 31. Qxd5 Rd8 32. Qc6 Qd4 33. Kh1 Bf8 34. Qc7 Rxd7 35. Qxd7 Bxd6 36. Qc8+ Kg7 37. Qc1 h5 38. Re2 Qf6 39. Qc6 Qd4 40. Qc1 Be5 41. Rd2 Qa7 42. Bd5 Ng4 43. Qe1 Bd4 44. h3 Ne3 45. Bb3 Qc5 46. Rf2 Be5 47. Qd2 Nf5 0-1

[Event "Adelaide Checkmate op"]
[Site "Adelaide"]
[Date "2008.07.05"]
[Round "4"]
[White "Johansen, Darryl Keith"]
[Black "Oliver, Gareth"]
[Result "1-0"]
[WhiteElo "2423"]
[BlackElo "2160"]
[PlyCount "39"]
[EventDate "2008.07.05"]
[EventType "swiss"]
[EventRounds "7"]
[EventCountry "AUS"]
[SourceTitle "EXT 2010"]
[Source "ChessBase"]
[SourceDate "2010.11.25"]
[SourceVersion "1"]
[SourceVersionDate "2010.11.25"]
[SourceQuality "1"]

1. c4 Nf6 2. Nc3 g6 3. d4 Bg7 4. e4 d6 5. h3 0-0 6. Bg5 Qe8 7. Nf3 e5 8. dxe5 dxe5 9. Nd5 Nxd5 10. cxd5 f5 11. Be3 Qe7 12. Rc1 b6 13. d6 cxd6 14. Qd5+ Be6 15. Qxa8 fxe4 16. Qxe4 d5 17. Qa4 d4 18. Bg5 Bf6 19. Bxf6 Qxf6 20. Bc4 1-0

[Event "Sydney op-A"]
[Site "Parramatta"]
[Date "2008.03.29"]
[Round "8"]
[White "Hu, Jason"]
[Black "Oliver, Gareth"]
[Result "1-0"]
[WhiteElo "2120"]
[BlackElo "2164"]
[PlyCount "101"]
[EventDate "2008.03.25"]
[EventType "swiss"]
[EventRounds "9"]
[EventCountry "AUS"]
[SourceTitle "CBM 123 Extra"]
[Source "ChessBase"]
[SourceDate "2008.05.06"]
[SourceVersion "1"]
[SourceVersionDate "2008.05.06"]
[SourceQuality "1"]

1. c4 Nf6 2. Nc3 g6 3. g3 Bg7 4. Bg2 0-0 5. e4 d6 6. Nge2 e5 7. 0-0 Nc6 8. d3 Nd4 9. Nxd4 exd4 10. Ne2 c5 11. h3 Ne8 12. f4 f5 13. exf5 gxf5 14. Kh2 Nf6 15. b4 Rb8 16. Qa4 a6 17. Re1 Bd7 18. Qa3 Qc7 19. Ng1 Rfe8 20. Bd2 Rxe1 21. Rxe1 Re8 22. Rxe8+ Bxe8 23. Nf3 Qe7 24. Qc1 Qe2 25. Qf1 Qxf1 26. Bxf1 Bd7 27. bxc5 dxc5 28. Ne5 Bc8 29. Bg2 Kf8 30. Ba5 Ke8 31. Bf3 Nd7 32. Nxd7 Kxd7 33. g4 b5 34. gxf5 bxc4 35. dxc4 Bf8 36. Kg3 Ke7 37. Be4 Kf6 38. Bc7 Bxf5 39. Bb7 d3 40. Ba5 Ke7 41. Bxa6 Be4 42. Bc8 Bg7 43. Bg4 Bb2 44. Bd2 Kf6 45. a4 Bb7 46. Bf3 Ba6 47. Bd5 Bd4 48. Kf3 Bc8 49. a5 h5 50. Be4 h4 51. Bxd3 1-0

[Event "Sydney op-A"]
[Site "Parramatta"]
[Date "2008.03.29"]
[Round "9"]
[White "Oliver, Gareth"]
[Black "Stojic, Svetozar"]
[Result "1-0"]
[WhiteElo "2164"]
[BlackElo "1995"]
[PlyCount "155"]
[EventDate "2008.03.25"]
[EventType "swiss"]
[EventRounds "9"]
[EventCountry "AUS"]
[SourceTitle "EXT 2023"]
[Source "ChessBase"]
[SourceDate "2022.10.05"]
[SourceVersion "1"]
[SourceVersionDate "2022.10.05"]
[SourceQuality "1"]

1. d4 Nf6 2. c4 g6 3. Nc3 Bg7 4. e4 d6 5. Be2 0-0 6. Nf3 Na6 7. 0-0 c5 8. d5 e6 9. Bg5 Nc7 10. Re1 exd5 11. exd5 h6 12. Bd2 Rb8 13. a4 b6 14. Nb5 Nxb5 15. axb5 Qc7 16. Bc3 a6 17. bxa6 Ra8 18. b3 Bxa6 19. Qc2 Bb7 20. Bd3 b5 21. Nd2 b4 22. Bb2 Qd7 23. g3 Rfe8 24. Rxa8 Bxa8 25. Rxe8+ Qxe8 26. Qb1 Ng4 27. Bxg7 Kxg7 28. Nf3 Bb7 29. Qa1+ Nf6 30. Nd2 Qa8 31. Qxa8 Bxa8 32. Bf1 g5 33. f3 h5 34. Bd3 Bb7 35. Bf5 Kf8 36. Kf2 Ke7 37. Ke3 Kd8 38. h4 gxh4 39. gxh4 Bxd5 40. cxd5 Nxd5+ 41. Ke4 Nc3+ 42. Kf4 d5 43. Kg5 Ne2 44. Kxh5 Nd4 45. Kg4 Ke7 46. h5 Kf6 47. Bc8 c4 48. bxc4 dxc4 49. Nxc4 Nxf3 50. Kxf3 Kg5 51. Bg4 f5 52. Bh3 Kxh5 53. Bxf5 Kg5 54. Bc2 Kf6 55. Ke4 Ke6 56. Bb3 Kf6 57. Ne5 Kg7 58. Kf5 Kh8 59. Nd3 Kg7 60. Nxb4 Kh8 61. Nd3 Kg7 62. Ne5 Kh8 63. Bf7 Kg7 64. Bg6 Kh8 65. Kf6 Kg8 66. Nf7 Kf8 67. Bh7 Ke8 68. Ne5 Kf8 69. Nd7+ Ke8 70. Ke6 Kd8 71. Kd6 Ke8 72. Bg6+ Kd8 73. Nc5 Kc8 74. Bh5 Kb8 75. Kc6 Kc8 76. Nb7 Kb8 77. Kb6 Ka8 78. Nc5 1-0

[Event "Sydney op-A"]
[Site "Parramatta"]
[Date "2008.03.27"]
[Round "5"]
[White "Oliver, Gareth"]
[Black "Kalisch, Tom"]
[Result "1-0"]
[WhiteElo "2164"]
[BlackElo "1914"]
[PlyCount "43"]
[EventDate "2008.03.25"]
[EventType "swiss"]
[EventRounds "9"]
[EventCountry "AUS"]
[SourceTitle "EXT 2023"]
[Source "ChessBase"]
[SourceDate "2022.10.05"]
[SourceVersion "1"]
[SourceVersionDate "2022.10.05"]
[SourceQuality "1"]

1. d4 Nf6 2. c4 c5 3. d5 e6 4. Nc3 exd5 5. cxd5 Bd6 6. Bg5 h6 7. Bh4 0-0 8. Nf3 Bc7 9. d6 Ba5 10. Qc2 Re8 11. 0-0-0 Bxc3 12. bxc3 b5 13. e3 c4 14. Rd5 Bb7 15. Rxb5 Bc6 16. Re5 Rxe5 17. Nxe5 g5 18. Bxc4 Be4 19. Nxf7 Qc8 20. Nxg5+ Qxc4 21. Nxe4 Nxe4 22. f3 1-0

[Event "Sydney op-A"]
[Site "Parramatta"]
[Date "2008.03.26"]
[Round "2"]
[White "Oliver, Gareth"]
[Black "Guo, Emma"]
[Result "1-0"]
[WhiteElo "2164"]
[BlackElo "1749"]
[PlyCount "75"]
[EventDate "2008.03.25"]
[EventType "swiss"]
[EventRounds "9"]
[EventCountry "AUS"]
[SourceTitle "EXT 2023"]
[Source "ChessBase"]
[SourceDate "2022.10.05"]
[SourceVersion "1"]
[SourceVersionDate "2022.10.05"]
[SourceQuality "1"]

1. d4 Nf6 2. c4 c5 3. d5 b5 4. cxb5 a6 5. b6 Qxb6 6. Nc3 d6 7. e4 g6 8. Be2 Bg7 9. Nf3 Nbd7 10. 0-0 0-0 11. Nd2 Bb7 12. Nc4 Qc7 13. Qc2 Rfb8 14. Bf4 Nb6 15. Nd2 Ne8 16. a4 Qd8 17. a5 Nd7 18. Nc4 Nc7 19. Bg4 Ra7 20. Na4 Nb5 21. Bxd7 Nd4 22. Qd3 Qxd7 23. Nab6 Qb5 24. b4 cxb4 25. Be3 e5 26. Rab1 Rd8 27. Qd2 b3 28. Qd3 Bc8 29. Bxd4 exd4 30. Rxb3 Qc5 31. Rfb1 Bd7 32. Qd1 Qc7 33. Ne5 Qb8 34. Nc6 Bxc6 35. dxc6 Rc7 36. Qd3 Qa7 37. Nd5 Rdc8 38. Rb6 1-0

[Event "AUS-ch"]
[Site "Parramatta"]
[Date "2008.01.10"]
[Round "10"]
[White "Oliver, Gareth"]
[Black "Lane, Gary William"]
[Result "1/2-1/2"]
[WhiteElo "2164"]
[BlackElo "2412"]
[PlyCount "103"]
[EventDate "2008.01.02"]
[EventType "swiss"]
[EventRounds "11"]
[EventCountry "AUS"]
[SourceTitle "CBM 122 Extra"]
[Source "ChessBase"]
[SourceDate "2008.03.04"]
[SourceVersion "1"]
[SourceVersionDate "2008.03.04"]
[SourceQuality "1"]

1. d4 Nf6 2. c4 e6 3. Nc3 Bb4 4. e3 0-0 5. Bd3 d5 6. a3 Bxc3+ 7. bxc3 c5 8. Ne2 dxc4 9. Bxc4 Qc7 10. Bd3 e5 11. Bb2 Nc6 12. 0-0 Rd8 13. h3 Be6 14. f4 exd4 15. cxd4 c4 16. Bc2 Bd5 17. Nc3 Qe7 18. Re1 Be4 19. Qe2 Na5 20. Nxe4 Nxe4 21. Qh5 Nb3 22. Bxb3 cxb3 23. Qb5 Qe6 24. Rac1 Nd6 25. Qe5 Rac8 26. Qxe6 fxe6 27. Bc3 b6 28. Kf1 Nc4 29. Re2 Rc7 30. Rb1 Nxa3 31. Rxb3 Nc4 32. Be1 a5 33. Ra2 Ra8 34. Ke2 Rc6 35. Kd3 Nd6 36. e4 Rac8 37. d5 exd5 38. exd5 Rc5 39. Rxb6 Rxd5+ 40. Ke2 Re8+ 41. Kf1 Nc4 42. Ra6 Ne3+ 43. Kf2 Nd1+ 44. Kf1 Ne3+ 45. Kf2 Nd1+ 46. Kf1 Ne3+ 47. Kf2 Nxg2 48. Kxg2 Rxe1 49. R6xa5 Rxa5 50. Rxa5 h6 51. Kf3 Rb1 52. Ra6 1/2-1/2

[Event "AUS-ch"]
[Site "Parramatta"]
[Date "2008.01.03"]
[Round "2"]
[White "Oliver, Gareth"]
[Black "Van Riemsdijk, Herman Claudius"]
[Result "1/2-1/2"]
[WhiteElo "2164"]
[BlackElo "2391"]
[PlyCount "103"]
[EventDate "2008.01.02"]
[EventType "swiss"]
[EventRounds "11"]
[EventCountry "AUS"]
[SourceTitle "CBM 122 Extra"]
[Source "ChessBase"]
[SourceDate "2008.03.04"]
[SourceVersion "1"]
[SourceVersionDate "2008.03.04"]
[SourceQuality "1"]

1. d4 Nf6 2. c4 c5 3. d5 b5 4. cxb5 a6 5. b6 d6 6. Nc3 g6 7. e4 Bg7 8. Nf3 0-0 9. Be2 Qxb6 10. 0-0 Bg4 11. Nd2 Bxe2 12. Qxe2 a5 13. a4 Nfd7 14. Nb5 Na6 15. Nc4 Qd8 16. Bd2 Nb4 17. Bc3 Nb6 18. f4 Nxc4 19. Qxc4 Bxc3 20. Qxc3 Qd7 21. f5 gxf5 22. Rxf5 f6 23. Qh3 Kh8 24. Ra3 Rg8 25. Rh5 Qxh3 26. Raxh3 Rg7 27. Nc7 Rag8 28. Ne6 Rf7 29. Kf2 c4 30. Nf4 Rg5 31. Ke3 Rxh5 32. Rxh5 Kg8 33. Ne6 Nd3 34. b3 Ne5 35. bxc4 Nxc4+ 36. Kd4 Nb6 37. Rh3 Nxa4 38. Rg3+ Kh8 39. Ra3 Nc5 40. Nxc5 dxc5+ 41. Kxc5 Rg7 42. Rxa5 Kg8 43. Ra2 Kf7 44. g3 Rg4 45. Re2 h5 46. Kd4 h4 47. gxh4 Rxh4 48. Ke3 e6 49. Rd2 Ke7 50. Kf3 Kd6 51. dxe6+ Kxe6 52. Ke3 1/2-1/2

[Event "Commonwealth-ch"]
[Site "New Delhi"]
[Date "2007.12.08"]
[Round "8"]
[White "Wells, Daniel J"]
[Black "Oliver, Gareth"]
[Result "0-1"]
[WhiteElo "2024"]
[BlackElo "2164"]
[PlyCount "91"]
[EventDate "2007.12.03"]
[EventType "swiss"]
[EventRounds "10"]
[EventCountry "IND"]
[SourceTitle "CBM 121 Extra"]
[Source "ChessBase"]
[SourceDate "2008.01.10"]
[SourceVersion "1"]
[SourceVersionDate "2008.01.10"]
[SourceQuality "1"]

1. e4 c5 2. Nf3 d6 3. d4 cxd4 4. Nxd4 Nf6 5. Nc3 g6 6. Be3 Bg7 7. f3 0-0 8. Qd2 Nc6 9. Bc4 Bd7 10. 0-0-0 Rb8 11. Kb1 b5 12. Nxc6 Bxc6 13. Bd5 b4 14. Ne2 Qc7 15. Bxc6 Qxc6 16. Nd4 Qa4 17. Bh6 Bxh6 18. Qxh6 Rb6 19. Qe3 Rc8 20. Rhe1 Ra6 21. Qb3 Qa5 22. Ne2 Nd7 23. Nc1 Nc5 24. Qe3 Na4 25. Rd5 Qc7 26. Re2 Rc6 27. Qb3 Nc5 28. Qxb4 Na6 29. Qa5 Rxc2 30. Qxc7 R2xc7 31. Nd3 Nb4 32. a3 Nxd5 33. exd5 a5 34. Ka2 Rc2 35. Rxe7 Rxg2 36. Kb3 Rxh2 37. Ka4 Rd2 38. Re3 Rb8 39. b4 axb4 40. axb4 h5 41. b5 h4 42. Nb4 Rd4 43. Ka5 Rd1 44. b6 Rb1 45. f4 f6 46. Nc6 0-1